A history of India / (Record no. 46507)
[ view plain ]
| 000 -LEADER | |
|---|---|
| fixed length control field | 00753nam a2200241 a 4500 |
| 001 - CONTROL NUMBER | |
| control field | 46507 |
| 003 - CONTROL NUMBER IDENTIFIER | |
| rucl marc code | BD-RJUL |
| 005 - DATE AND TIME OF LATEST TRANSACTION | |
| control field | 20211209054148.0 |
| 008 - FIXED-LENGTH DATA ELEMENTS--GENERAL INFORMATION | |
| fixed length control field | 161113t20081998ii abc 001 0 eng d |
| 020 ## - INTERNATIONAL STANDARD BOOK NUMBER | |
| International Standard Book Number | 0195662997 |
| 035 ## - SYSTEM CONTROL NUMBER | |
| System control number | (BD-RjUL)46626 |
| 040 ## - CATALOGING SOURCE | |
| Original cataloging agency | BD-RjUL |
| Language of cataloging | eng |
| Transcribing agency | BD-RjUL |
| 041 ## - LANGUAGE CODE | |
| Language code of text/sound track or separate title | eng |
| 082 ## - DEWEY DECIMAL CLASSIFICATION NUMBER | |
| Edition number | 23 |
| Classification number | 954 |
| Author mark and year | STH 2008 |
| 100 1# - MAIN ENTRY--PERSONAL NAME | |
| Personal name | Stein, Burton, |
| Dates associated with a name | 1926-1996 |
| 9 (RLIN) | 164040 |
| 245 12 - TITLE STATEMENT | |
| Title | A history of India / |
| Statement of responsibility, etc. | Burton Stein. |
| 260 ## - PUBLICATION, DISTRIBUTION, ETC. (IMPRINT) | |
| Place of publication, distribution, etc. | New Delhi : |
| Name of publisher, distributor, etc. | Oxford University Press, |
| Date of publication, distribution, etc. | 2002 [impression 2008] |
| 300 ## - PHYSICAL DESCRIPTION | |
| Pagination | xiv, 432 p. : |
| Illustrations | ill. ; |
| Size | 25 cm. |
| 500 ## - GENERAL NOTE | |
| General note | First published 1998 by Blackwell Publishers, Oxford. |
| 504 ## - BIBLIOGRAPHY, ETC. NOTE | |
| Bibliography, etc | Includes bibliographical references and index. |
| 651 #0 - SUBJECT ADDED ENTRY--GEOGRAPHIC NAME | |
| Geographic name | India |
| General subdivision | History. |
| 9 (RLIN) | 164041 |
| 942 ## - ADDED ENTRY ELEMENTS (KOHA) | |
| Source of classification or shelving scheme | Dewey Decimal Classification |
| Koha item type | Books |
| Lost status | Source of classification or shelving scheme | Damaged status | Not for loan | Collection code | Permanent Location | Current Location | Shelving location | Date acquired | Source of acquisition | Cost, normal purchase price | Total Checkouts | Full call number | Date last seen | Date checked out | Copy number | Koha item type |
|---|---|---|---|---|---|---|---|---|---|---|---|---|---|---|---|---|
| Dewey Decimal Classification | Non-fiction | Central Library, University of Rajshahi | Central Library, University of Rajshahi | 11/05/2011 | Paragon Enterprises Dhaka | 145.00 | 2 | 954 STH 2008 | 03/12/2019 | 24/11/2019 | C-2 | Books | ||||
| Dewey Decimal Classification | Not For Loan | Non-fiction | Central Library, University of Rajshahi | Central Library, University of Rajshahi | Reading Room | 11/05/2011 | Paragogn Enterprise, Dhaka | 345.00 | 954 STH 2008 | 29/01/2017 | C-1 | Books |